00970nam a2200241 a 4500001001000000003000500010005001700015008004100032010001100073011001100084040000900095100003000104245015500134260004100289500006000330502009400390650003400484650003800518650002500556650004500581700003200626856007000658000111036CHAP20220329144155.0141126s2014 mx a |sm |||||||spa d a107498 a108470 cCHAP1 aFilerio Arreola, Mónica13aLa economía de la carne en la comarca lagunera, y sus factores determinantesh[En línea]cpor Monica Filerio Arreola y Filiberto Olivares Morales. aBermejillo, Dgo. :bEl autor,c2014. aPara ver el contenido del material haga clic en la liga aTesis (Ing. en Sistemas Pecuarios) -- UACH. Unidad Regional Universitaria de Zonas Aridas14aCarnexAspectos económicos.14aCarnexPrecioszComarca Lagunera.14aCarnexProducción.14aGanado de carnexCostos de producción.1 aOlivares Morales, Filiberto aFinding aiduhttp://10.13.5.2/tesis/sist111036.pdfzTeclea aquí